Giáo trình tổ chức thi công xây dựng

Giáo trình bao gồm các vấn đề tổ chức, bố trí phối hợp cụ thể giữa các công cụ lao động, con người lao động, đối tượng lao động và sự phối hợp giữa các lực lượng lao động với nhau trong quá trình thi công xây lắp công trình....

Fuld beskrivelse

Đã lưu trong:
Bibliografiske detaljer
Hovedforfatter: Nguyễn, Huy Thanh
Format: Bog
Sprog:Undetermined
Udgivet: Hà Nội Xây dựng 2012
Fag:
Tags: Tilføj Tag
Ingen Tags, Vær først til at tagge denne postø!
Thư viện lưu trữ: Trung tâm Học liệu Trường Đại học Cần Thơ
LEADER 00940nam a2200205Ia 4500
001 CTU_181219
008 210402s9999 xx 000 0 und d
020 |c 84000 
082 |a 692 
082 |b Th107 
100 |a Nguyễn, Huy Thanh 
245 0 |a Giáo trình tổ chức thi công xây dựng 
245 0 |c Nguyễn Huy Thanh (Chủ biên) 
260 |a Hà Nội 
260 |b Xây dựng 
260 |c 2012 
520 |a Giáo trình bao gồm các vấn đề tổ chức, bố trí phối hợp cụ thể giữa các công cụ lao động, con người lao động, đối tượng lao động và sự phối hợp giữa các lực lượng lao động với nhau trong quá trình thi công xây lắp công trình. 
650 |a Building,Xây dựng 
904 |i Hải 
980 |a Trung tâm Học liệu Trường Đại học Cần Thơ